00588nam a2200145Ia 4500008004100000024005600041082001800097100007100115245004500186260002500231600002700256650003300283952010900316999001700425250506s9999 xx 000 0 und d a13B-202-EL, 13B-208-EL, 13B-210-EL & 13B-213-EL a623.15072 RAO aRao Muhammad Mubeen, Muhammad Azhar, Muhammad Danish & Wasayah Ali 0aDynamically Configurable Sensing Vehicle aKarachi:bUIT,c2013 aElectrical Engineering aBachelor of Engineering (BE) 001040708PR-EEaUITUbUITUd2022-07-26l0o623.15072 RAOpEE-414r2025-05-06 11:34:17w2025-05-06yPR c28130d28130